Um ministério público polivalente : (Registro nro. 173561)
[ vista simple ]
| 000 -LEADER | |
|---|---|
| fixed length control field | 01086nam a22003131i 4500 |
| 001 - CONTROL NUMBER | |
| control field | bslw10117576 |
| 006 - FIXED-LENGTH DATA ELEMENTS--ADDITIONAL MATERIAL CHARACTERISTICS--GENERAL INFORMATION | |
| fixed length control field | m o d |
| 007 - PHYSICAL DESCRIPTION FIXED FIELD--GENERAL INFORMATION | |
| fixed length control field | cr un ---uuuua |
| 008 - FIXED-LENGTH DATA ELEMENTS--GENERAL INFORMATION | |
| fixed length control field | 240111s2019 bl ob 000 0 por d |
| 020 ## - INTERNATIONAL STANDARD BOOK NUMBER | |
| International Standard Book Number | 9788538405559 |
| 035 ## - | |
| -- | 41946 |
| 040 ## - CATALOGING SOURCE | |
| Original cataloging agency | UtOrBLW |
| Language of cataloging | eng |
| Description conventions | rda |
| Transcribing agency | UtOrBLW |
| 043 ## - | |
| -- | s-bl--- |
| 050 #4 - | |
| -- | KHD5838 |
| -- | .W56 2019 |
| 082 04 - | |
| -- | 345.8101 |
| -- | 23 |
| 100 1# - MAIN ENTRY--PERSONAL NAME | |
| Personal name | Winkert Souza, Antônio, |
| Relator term | author. |
| 245 13 - TITLE STATEMENT | |
| Title | Um ministério público polivalente : |
| Remainder of title | vocação, perfil e instrumental para a defesa dos valores relevantes da sociedade / |
| Statement of responsibility, etc | Antônio Winkert Souza. |
| 264 #1 - | |
| -- | Belo Horizonte : |
| -- | Del Rey Editora, |
| -- | 2019. |
| 300 ## - PHYSICAL DESCRIPTION | |
| Extent | 1 online resource (xviii, 198 pages) |
| 336 ## - | |
| -- | text |
| -- | txt |
| -- | rdacontent |
| 337 ## - | |
| -- | computer |
| -- | c |
| -- | rdamedia |
| 338 ## - | |
| -- | online resource |
| -- | cr |
| -- | rdacarrier |
| 504 ## - BIBLIOGRAPHY, ETC. NOTE | |
| Bibliography, etc | Includes bibliographical references. |
| 650 #0 - SUBJECT ADDED ENTRY--TOPICAL TERM | |
| Topical term or geographic name as entry element | Public prosecutors |
| Geographic subdivision | Brazil. |
| 650 #0 - SUBJECT ADDED ENTRY--TOPICAL TERM | |
| Topical term or geographic name as entry element | Criminal justice, Administration of |
| Geographic subdivision | Brazil. |
| 856 40 - LOCALIZACIÓN Y ACCESO ELECTRÓNICO | |
| Identificador Uniforme del Recurso (URI/URL) | https://app.vlex.com/#/sources/41946 |
| 942 ## - | |
| -- | RAA |
| 999 ## - | |
| -- | 173561 |
| -- | 173561 |
No hay ítems disponibles.